000 00713nam a22002417a 4500
005 20180109141143.0
008 180109b xxu||||| |||| 00| 0 eng d
020 _a978138293311
_c₹ 850.00
040 _aLoreto College
041 _aEnglish
082 _a305.4
_bLEW
245 _aFeminist postcolonial theory a reader
_cEdited by Reina Lewis and Sara Mills
260 _aLondon
_bRoutledge
_c2011
300 _a754 p.
_b24 cm.
504 _aIncludes bibliographical references and index
650 _aWomen-Historiography
650 _aWomen-postcolonial theory
650 _aFeminist-Historiography
700 _4ed.
_aLewis, Reina
700 _4ed.
_aMills, Sara
850 _aLCBED
942 _cBK
999 _c41376
_d91855